000 00315nam a2200109Ia 4500
005 20251222144823.0
008 251222s9999||||xx |||||||||||||| ||spa||
082 _a249.72/S15I
245 0 _aRatio Fundamentalis Institutionis Sacerdotalis
264 _bSagrada Congregación para la Educación Católica
942 _cLIB
999 _c20569
_d20569